000 00650nam a2200241Ia 4500
003 OSt
005 20220918182536.0
006 a|||||r|||| 00| 0
007 ta
008 220917b |||||||| |||| 00| 0 eng d
024 _a32,893
037 _cTextual
040 _aARTS
_cARTS
_beng
041 _2eng
_aeng
082 _aO111,2J73,22:g, K9
100 _aOrgel Stephen
_922951
245 0 _aBen Jonson
_b The complete Masques
260 _aN Haven
_bYUP
_c1969
300 _axii, 557p.
_ccm.
650 _aENGLISH LITERATURE
942 _hO111,2J73,22:g, K9
_cTEXL
_2CC
999 _c169296
_d169296